00377nam a2200121Ia 4500003000400000005001700004008004100021040001800062041000800080100004200088245009000130260003500220OSt20260130150103.0211028s2018 xx 000 0 und d cAIMIT LIBRARY aeng aXavier, Steffi S;Harinakshi.g1616202 aStudy ontraining need analysis at ordnance factory Khamaria Jabalpur Madhya Pradesh / aMangalorebRayan D Souzac2018